[Event "SRI-ch (Women)"]
[Site "Colombo"]
[Date "2024.03.31"]
[Round "13"]
[White "Gunawardhana, Devindya Oshini"]
[Black "Fernando, GW Nethmi L"]
[Result "1-0"]
[WhiteElo "1883"]
[BlackElo "1758"]
[PlyCount "71"]
[EventDate "2024.03.22"]
[EventType "tourn"]
[EventRounds "13"]
[EventCountry "SRI"]
[SourceTitle "CB15_2024"]
[SourceDate "2024.04.10"]
[SourceVersion "1"]
[SourceVersionDate "2024.04.10"]
[SourceQuality "1"]

1. e4 d5 2. exd5 Qxd5 3. Nc3 Qd8 4. d4 Nf6 5. Nf3 Bg4 6. Be2 e6 7. 0-0 c6 8. Bf4 Bd6 9. Be5 0-0 10. Qc1 Bxe5 11. dxe5 Nfd7 12. Qf4 Bxf3 13. Bxf3 Qc7 14. Rfe1 f6 15. Qc4 Nxe5 16. Qxe6+ Kh8 17. Be4 Nbd7 18. Qh3 g6 19. f4 f5 20. fxe5 fxe4 21. e6 Nf6 22. Nxe4 Nxe4 23. Rxe4 Qb6+ 24. Qe3 Qxb2 25. Re1 Qb6 26. Rd4 Rae8 27. c3 Re7 28. Qe5+ Kg8 29. h3 Rf5 30. Qd6 c5 31. Qxe7 cxd4 32. Qd7 dxc3+ 33. Kh2 Qf2 34. e7 c2 35. e8Q+ Rf8 36. Qee6+ 1-0

[Event "SRI-ch (Women)"]
[Site "Colombo"]
[Date "2024.03.29"]
[Round "8"]
[White "Gunawardhana, Devindya Oshini"]
[Black "Ekaratne, Chenaya"]
[Result "1-0"]
[WhiteElo "1883"]
[BlackElo "1623"]
[PlyCount "50"]
[EventDate "2024.03.22"]
[EventType "tourn"]
[EventRounds "13"]
[EventCountry "SRI"]
[SourceTitle "CB15_2024"]
[SourceDate "2024.04.10"]
[SourceVersion "1"]
[SourceVersionDate "2024.04.10"]
[SourceQuality "1"]

1. e4 c5 2. Nf3 e6 3. c3 Nf6 4. e5 Nd5 5. Bc4 Nb6 6. Bb3 d5 7. exd6 Bxd6 8. d4 0-0 9. 0-0 N8d7 10. Bc2 Nd5 11. Nbd2 N7f6 12. Nc4 Be7 13. Nce5 cxd4 14. cxd4 Bd7 15. a3 b5 16. Qd3 b4 17. a4 a5 18. Bg5 g6 19. Bh6 Re8 20. Nxf7 Kxf7 21. Ng5+ Kg8 22. Nxh7 Bf8 23. Qxg6+ Kh8 24. Nxf6 Nxf6 25. Bg5 Bh6 1-0

[Event "Western Asia-ch U20 Girls"]
[Site "Colombo"]
[Date "2023.12.03"]
[Round "6"]
[White "Gunawardhana, Devindya Oshini"]
[Black "Bhagyashree, Patil"]
[Result "0-1"]
[WhiteElo "1741"]
[BlackElo "1830"]
[PlyCount "124"]
[EventDate "2023.11.30"]
[EventType "swiss"]
[EventRounds "9"]
[EventCountry "SRI"]
[SourceTitle "CB50_2023"]
[SourceDate "2023.12.13"]
[SourceVersion "1"]
[SourceVersionDate "2023.12.13"]
[SourceQuality "1"]

1. e4 e5 2. Nf3 Nc6 3. Bb5 a6 4. Ba4 Bc5 5. 0-0 d6 6. c3 b5 7. Bc2 Bg4 8. a4 Rb8 9. d3 Nf6 10. h3 Bh5 11. Nbd2 0-0 12. Re1 Bb6 13. Nf1 Bg6 14. Ng3 Re8 15. Qe2 h6 16. Nh2 d5 17. axb5 axb5 18. Qf3 d4 19. Bb3 dxc3 20. bxc3 b4 21. Ba4 Re6 22. Bxc6 Rxc6 23. cxb4 Bd4 24. Rb1 Rcb6 25. Bd2 c5 26. Ne2 Nxe4 27. dxe4 Rf6 28. Nf4 exf4 29. Rbd1 Qb6 30. Ng4 Re6 31. bxc5 Bxc5 32. Bxf4 Rbe8 33. e5 f6 34. Qg3 Kh7 35. Rd7 h5 36. Nh2 fxe5 37. Bc1 Qc6 38. Red1 Bd4 39. R7xd4 exd4 40. Nf3 Rd6 41. Bf4 Rd5 42. Rc1 Rc5 43. Rd1 d3 44. Ne5 Rcxe5 45. Bxe5 Qc2 46. Ra1 d2 47. Ra7 d1Q+ 48. Kh2 Rg8 49. Qf4 Qf5 50. Qe3 Qdd3 51. Qc5 Qde4 52. f4 Qexf4+ 53. Bxf4 Qxc5 54. Ra2 h4 55. Re2 Qf5 56. g3 Rc8 57. Be5 Rc2 58. Rxc2 Qxc2+ 59. Kg1 Be4 60. Kf1 Bf3 61. gxh4 Qe2+ 62. Kg1 Qg2# 0-1

[Event "Western Asia-ch U20 Girls"]
[Site "Colombo"]
[Date "2023.12.03"]
[Round "7"]
[White "Pallie, Ehsha Mishela"]
[Black "Gunawardhana, Devindya Oshini"]
[Result "1/2-1/2"]
[WhiteElo "1569"]
[BlackElo "1741"]
[PlyCount "111"]
[EventDate "2023.11.30"]
[EventType "swiss"]
[EventRounds "9"]
[EventCountry "SRI"]
[SourceTitle "CB50_2023"]
[SourceDate "2023.12.13"]
[SourceVersion "1"]
[SourceVersionDate "2023.12.13"]
[SourceQuality "1"]

1. e4 e5 2. Nf3 Nc6 3. Bb5 a6 4. Ba4 Nf6 5. 0-0 b5 6. Bb3 Bb7 7. d3 Be7 8. Nc3 0-0 9. a4 Na5 10. Ba2 b4 11. Ne2 b3 12. cxb3 d5 13. exd5 Nxd5 14. Nxe5 Nb4 15. d4 Nxa2 16. Rxa2 Bd5 17. Nc4 Nxc4 18. bxc4 Bxc4 19. b3 Bxe2 20. Rxe2 Bf6 21. Ba3 Re8 22. Rxe8+ Qxe8 23. Bc5 Rd8 24. Re1 Qd7 25. Qe2 a5 26. Qa6 Qd5 27. Qc4 Qd7 28. Qb5 Qxb5 29. axb5 h6 30. b6 cxb6 31. Bxb6 Rb8 32. Bxa5 Rxb3 33. g3 Bxd4 34. Re2 Rb5 35. Bc7 g5 36. Kg2 Kg7 37. Re4 Ba7 38. Be5+ Kg6 39. Bc3 Rb3 40. Rc4 Rb6 41. Bd4 Ra6 42. Bxa7 Rxa7 43. h4 Ra6 44. hxg5 hxg5 45. g4 Ra3 46. Rc6+ f6 47. f3 Ra2+ 48. Kg3 Ra4 49. Rb6 Kf7 50. Rc6 Ra1 51. Rb6 Rg1+ 52. Kf2 Ra1 53. Kg3 Re1 54. Kf2 Re5 55. Kg3 Re3 56. Kf2 1/2-1/2

[Event "Western Asia-ch U20 Girls"]
[Site "Colombo"]
[Date "2023.12.02"]
[Round "5"]
[White "Gunawardhana, Devindya Oshini"]
[Black "Sultanbek, Zeinep"]
[Result "0-1"]
[WhiteElo "1741"]
[BlackElo "2008"]
[PlyCount "140"]
[EventDate "2023.11.30"]
[EventType "swiss"]
[EventRounds "9"]
[EventCountry "SRI"]
[SourceTitle "CB50_2023"]
[SourceDate "2023.12.13"]
[SourceVersion "1"]
[SourceVersionDate "2023.12.13"]
[SourceQuality "1"]

1. e4 c5 2. Nf3 d6 3. d4 cxd4 4. Nxd4 Nf6 5. Nc3 a6 6. Be2 e5 7. Nf3 Be7 8. Bg5 Be6 9. Bxf6 Bxf6 10. 0-0 Be7 11. Nd5 Nd7 12. Bc4 Rc8 13. Qe2 0-0 14. Rfd1 Kh8 15. Ne3 Qc7 16. Bb3 Qc6 17. Bd5 Qb6 18. b3 Nc5 19. Nd2 Qc7 20. a4 Bd7 21. Bc4 Bc6 22. Nf5 Bf6 23. Ng3 g6 24. Ndf1 Qe7 25. c3 Bg5 26. Qc2 h5 27. Bd5 h4 28. Ne2 Kg7 29. Ne3 Bxe3 30. fxe3 Qg5 31. Rd3 Bxd5 32. exd5 e4 33. Rdd1 Qxe3+ 34. Kh1 Nd3 35. Rf1 Nf2+ 36. Rxf2 Qxf2 37. Qxe4 Rfe8 38. Qd4+ Qxd4 39. Nxd4 Rxc3 40. Rd1 Ree3 41. Rf1 Rcd3 42. Nf3 Rxd5 43. Nxh4 Red3 44. Nf3 Rd1 45. Kg1 Rxf1+ 46. Kxf1 Rd3 47. b4 Rb3 48. Ke2 Rxb4 49. Nd2 Rxa4 50. Kd3 Ra2 51. h3 b5 52. g3 Ra3+ 53. Kc2 Rxg3 54. Ne4 Rxh3 55. Nxd6 Kf6 56. Ne4+ Ke5 57. Ng5 Rh2+ 58. Kb1 Rf2 59. Nh3 Rf1+ 60. Kb2 Kf5 61. Ka2 Kg4 62. Kb2 Kxh3 63. Ka2 Rf3 64. Kb2 g5 65. Ka2 g4 66. Kb2 g3 67. Ka2 g2 68. Kb2 g1Q 69. Ka2 Qg2+ 70. Kb1 Rf1# 0-1

[Event "Western Asia-ch U20 Girls"]
[Site "Colombo"]
[Date "2023.12.01"]
[Round "3"]
[White "Shohradova, Lala"]
[Black "Gunawardhana, Devindya Oshini"]
[Result "0-1"]
[WhiteElo "1846"]
[BlackElo "1741"]
[PlyCount "94"]
[EventDate "2023.11.30"]
[EventType "swiss"]
[EventRounds "9"]
[EventCountry "SRI"]
[SourceTitle "CB50_2023"]
[SourceDate "2023.12.13"]
[SourceVersion "1"]
[SourceVersionDate "2023.12.13"]
[SourceQuality "1"]

1. d4 Nf6 2. c4 e6 3. Nf3 Nc6 4. g3 Bb4+ 5. Bd2 Qe7 6. Bg2 0-0 7. 0-0 Bxd2 8. Nbxd2 d6 9. e4 a5 10. Re1 e5 11. d5 Nb8 12. b3 Na6 13. a3 Bd7 14. Qc2 Rfc8 15. Red1 b5 16. Ne1 h5 17. Nd3 c6 18. Qb2 cxd5 19. cxd5 h4 20. Nf1 hxg3 21. hxg3 g6 22. Rdc1 Re8 23. Qd2 Kg7 24. f3 Qd8 25. Ne3 Rh8 26. a4 bxa4 27. bxa4 Rb8 28. Nc4 Nb4 29. Nf2 Ne8 30. Nd1 Bc8 31. Nc3 Ba6 32. Bf1 Qd7 33. Nb5 Qd8 34. Qf2 Rb7 35. Nca3 Qg5 36. Rc3 f5 37. Nc4 Bxb5 38. axb5 fxe4 39. fxe4 Nf6 40. Bg2 Ng4 41. Qd2 Qh5 42. Rf3 Nh2 43. Rf2 Ng4 44. Nxd6 Nxf2 45. Nxb7 Qh2+ 46. Kf1 Nxe4 47. Qe3 Rf8+ 0-1

[Event "Western Asia-ch U20 Girls"]
[Site "Colombo"]
[Date "2023.11.30"]
[Round "2"]
[White "Gunawardhana, Devindya Oshini"]
[Black "Ekaratne, Chenaya"]
[Result "1-0"]
[WhiteElo "1741"]
[BlackElo "1217"]
[PlyCount "87"]
[EventDate "2023.11.30"]
[EventType "swiss"]
[EventRounds "9"]
[EventCountry "SRI"]
[SourceTitle "CB50_2023"]
[SourceDate "2023.12.13"]
[SourceVersion "1"]
[SourceVersionDate "2023.12.13"]
[SourceQuality "1"]

1. e4 c5 2. Nf3 d6 3. d4 cxd4 4. Nxd4 Nf6 5. Nc3 g6 6. Be3 Nc6 7. f3 h5 8. Qd2 Nxd4 9. Bxd4 Bh6 10. Be3 Bxe3 11. Qxe3 Be6 12. 0-0-0 Qa5 13. Kb1 Rc8 14. a3 Kf8 15. Qd4 Qc5 16. Qxc5 Rxc5 17. Bd3 Kg7 18. Ne2 Bc4 19. Nf4 Rd8 20. g3 e5 21. Bxc4 exf4 22. Bb3 fxg3 23. hxg3 Kf8 24. Rd3 Ke7 25. Re1 Nd7 26. f4 f6 27. Rh1 Nb6 28. Ba2 Rdc8 29. c3 Na4 30. Kc2 b5 31. g4 a5 32. f5 b4 33. Bb3 Nb6 34. fxg6 Rg5 35. Rxh5 Rxg6 36. Rh7+ Kf8 37. Rxd6 a4 38. Be6 b3+ 39. Kc1 Rb8 40. Rh8+ Ke7 41. Rxb8 Kxd6 42. Rxb6+ Ke5 43. Bd7 Rh6 44. Rb5+ 1-0

[Event "SRI-chB (Women)"]
[Site "Colombo"]
[Date "2023.03.06"]
[Round "6"]
[White "Akuratiya, AG Javindi Avarjana"]
[Black "Gunawardhana, Devindya Oshini"]
[Result "0-1"]
[WhiteElo "1267"]
[BlackElo "1650"]
[PlyCount "80"]
[EventDate "2023.03.04"]
[EventType "swiss"]
[EventRounds "11"]
[EventCountry "SRI"]
[SourceTitle "CBM 213 Extra"]
[Source "ChessBase"]
[SourceDate "2023.05.31"]
[SourceVersion "1"]
[SourceVersionDate "2023.05.31"]
[SourceQuality "1"]

1. d4 Nf6 2. Bf4 e6 3. Nf3 d5 4. Nc3 a6 5. e3 Bd6 6. Bd3 0-0 7. 0-0 c5 8. Bxd6 Qxd6 9. Ne5 Nc6 10. Nxc6 Qxc6 11. f4 b5 12. Nb1 c4 13. Be2 Bb7 14. c3 Qd6 15. Nd2 b4 16. a3 bxc3 17. bxc3 Bc6 18. Rf3 g6 19. Qe1 Kg7 20. Rh3 h6 21. Bd1 Rab8 22. Ra2 Qd7 23. a4 Qd8 24. Bc2 Ne4 25. Bxe4 dxe4 26. Ra1 Bd5 27. Qe2 Rb2 28. Qd1 Qa5 29. Qc1 Rfb8 30. Rg3 R2b7 31. h3 Qb6 32. Qd1 Qb2 33. Rc1 Qa3 34. Kh2 Rb2 35. Nf1 Qa2 36. Qg4 Rb1 37. Rxb1 Rxb1 38. Nd2 Qxd2 39. f5 Qe1 40. f6+ Kh7 0-1

[Event "Colombo Golden Jubilee op"]
[Site "Colombo"]
[Date "2022.11.26"]
[Round "7"]
[White "Gunawardhana, Devindya Oshini"]
[Black "Wiratunga, Jenith"]
[Result "1/2-1/2"]
[WhiteElo "1528"]
[BlackElo "1849"]
[PlyCount "65"]
[EventDate "2022.11.23"]
[EventType "swiss"]
[EventRounds "9"]
[EventCountry "SRI"]
[SourceTitle "CBM 211 Extra"]
[Source "ChessBase"]
[SourceDate "2023.01.31"]
[SourceVersion "1"]
[SourceVersionDate "2023.01.31"]
[SourceQuality "1"]

1. e4 c6 2. d4 d5 3. exd5 cxd5 4. c4 Nf6 5. Nc3 Nc6 6. Bg5 Be6 7. a3 Qd7 8. c5 h6 9. Bxf6 exf6 10. b4 g6 11. Nf3 Bg7 12. Be2 0-0 13. h3 a6 14. 0-0 f5 15. Qd2 g5 16. Rad1 Rad8 17. b5 axb5 18. Bxb5 Qc7 19. Bxc6 bxc6 20. Rfe1 Rfe8 21. h4 f6 22. a4 f4 23. hxg5 hxg5 24. Qd3 Kf7 25. Rb1 Rb8 26. Rxb8 Rxb8 27. Rb1 Bc8 28. Re1 Bg4 29. Nh2 Bd7 30. Qh7 Qa5 31. Qc2 g4 32. Qd2 f5 33. Re7+ 1/2-1/2

[Event "Colombo Golden Jubilee op"]
[Site "Colombo"]
[Date "2022.11.23"]
[Round "2"]
[White "Gunathilake, MD Vinuda Shenal"]
[Black "Gunawardhana, Devindya Oshini"]
[Result "1-0"]
[WhiteElo "1769"]
[BlackElo "1528"]
[PlyCount "69"]
[EventDate "2022.11.23"]
[EventType "swiss"]
[EventRounds "9"]
[EventCountry "SRI"]
[SourceTitle "CBM 211 Extra"]
[Source "ChessBase"]
[SourceDate "2023.01.31"]
[SourceVersion "1"]
[SourceVersionDate "2023.01.31"]
[SourceQuality "1"]

1. d4 Nf6 2. c4 e6 3. g3 Nc6 4. Bg2 Bb4+ 5. Bd2 Qe7 6. Nf3 0-0 7. 0-0 d5 8. Qc2 Rd8 9. a3 Bxd2 10. Nbxd2 a5 11. Rad1 a4 12. e4 dxe4 13. Nxe4 Nxe4 14. Qxe4 Na5 15. Qc2 Qf6 16. Qxa4 Bd7 17. Qc2 Qg6 18. Rd3 Ba4 19. Qc3 c5 20. Ne5 cxd4 21. Rxd4 Qf6 22. Rf4 Qg5 23. Nxf7 Qe7 24. Nxd8 Qxd8 25. b4 Nb3 26. Bxb7 Rb8 27. Bg2 Qc7 28. Qe3 e5 29. Bd5+ Kh8 30. Rf7 Qd6 31. Qg5 Qg6 32. Qxe5 Rg8 33. Qc3 Re8 34. Ra7 Qb6 35. Qxg7# 1-0

[Event "SRI-chB (Women)"]
[Site "Mount Lavinia"]
[Date "2022.03.17"]
[Round "3"]
[White "Gunawardhana, Devindya Oshini"]
[Black "Piyumanthi, M Sayumi Vimansa"]
[Result "1-0"]
[WhiteElo "1418"]
[BlackElo "1197"]
[PlyCount "47"]
[EventDate "2022.03.16"]
[EventType "swiss"]
[EventRounds "10"]
[EventCountry "SRI"]
[SourceTitle "EXT 2023"]
[Source "ChessBase"]
[SourceDate "2022.10.05"]
[SourceVersion "1"]
[SourceVersionDate "2022.10.05"]
[SourceQuality "1"]

1. e4 c5 2. Nf3 g6 3. d4 cxd4 4. Qxd4 f6 5. Bc4 Nc6 6. Qd3 Qc7 7. 0-0 Nh6 8. Nc3 a6 9. Nd5 Qd6 10. Bf4 Ne5 11. Nxe5 fxe5 12. Bd2 Nf7 13. Ba5 b6 14. Bxb6 Bg7 15. Nc7+ Kf8 16. Nxa8 Bb7 17. Bxf7 Qxd3 18. cxd3 Kxf7 19. Nc7 e6 20. b4 Rb8 21. Ba5 Bf8 22. Rab1 Bd6 23. b5 axb5 24. Rxb5 1-0

[Event "SRI-ch (Women)"]
[Site "Nugegoda"]
[Date "2021.12.26"]
[Round "5"]
[White "Gunawardhana, Devindya Oshini"]
[Black "Tharushi, THD Niklesha"]
[Result "0-1"]
[WhiteElo "1371"]
[BlackElo "1711"]
[PlyCount "140"]
[EventDate "2021.12.24"]
[EventType "tourn"]
[EventRounds "13"]
[EventCountry "SRI"]
[SourceTitle "CBM 205 Extra"]
[Source "ChessBase"]
[SourceDate "2022.01.31"]
[SourceVersion "1"]
[SourceVersionDate "2022.01.31"]
[SourceQuality "1"]

1. e4 c5 2. Nf3 Nc6 3. d4 cxd4 4. Nxd4 Nf6 5. Nc3 g6 6. Be3 Bg7 7. Nxc6 bxc6 8. e5 Ng8 9. f4 f6 10. Bd4 Qa5 11. Qe2 fxe5 12. Bxe5 Nf6 13. 0-0-0 0-0 14. Qc4+ Kh8 15. h4 d6 16. Bd4 c5 17. Bxf6 Bxf6 18. Ne4 Rb8 19. c3 Bg4 20. Rd2 Bf5 21. Ng3 Bd7 22. h5 g5 23. Ne2 Bb5 24. Qd5 Bxe2 25. Rxe2 gxf4 26. Rc2 Qc7 27. Qe6 Bg5 28. Qg4 h6 29. Qf3 c4 30. Kb1 Qc5 31. Rh3 a5 32. Qe4 Rbc8 33. Be2 f3 34. Bf1 Qg1 35. Qd4+ Qxd4 36. cxd4 fxg2 37. Bxg2 Rf4 38. d5 Rcf8 39. a3 Rf2 40. Be4 Rxc2 41. Bxc2 Bf6 42. Rf3 Rb8 43. b3 Rb5 44. Rh3 cxb3 45. Rxb3 Rxd5 46. Bg6 Rc5 47. Ka2 d5 48. Rg3 Rb5 49. Rg2 d4 50. Be8 Rg5 51. Rb2 Kg7 52. Rd2 Kf8 53. Bg6 Rxg6 54. hxg6 Kg7 55. Kb3 Kxg6 56. Ka4 e5 57. Kxa5 e4 58. Kb4 Kf5 59. Kc4 e3 60. Rh2 Ke4 61. Rxh6 Be5 62. Rh4+ Bf4 63. Rh1 e2 64. a4 d3 65. a5 d2 66. a6 d1Q 67. a7 Qa4+ 68. Kc3 Be5+ 69. Kd2 Qa2+ 70. Kc1 Qb2# 0-1

[Event "FIDE Youth Super Final U10 g"]
[Site "Tornelo INT"]
[Date "2021.12.20"]
[Round "5"]
[White "Gunawardhana, Devindya Oshini"]
[Black "Kolagatla, Alana Meenakshi"]
[Result "1-0"]
[WhiteElo "1371"]
[BlackElo "1829"]
[PlyCount "115"]
[EventDate "2021.12.18"]
[EventType "tourn (rapid)"]
[EventRounds "10"]
[EventCountry "NET"]
[SourceTitle "EXT 2023"]
[Source "ChessBase"]
[SourceDate "2022.10.05"]
[SourceVersion "1"]
[SourceVersionDate "2022.10.05"]
[SourceQuality "1"]

1. e4 c5 2. Nf3 d6 3. d4 cxd4 4. Nxd4 Nf6 5. Nc3 a6 6. Be2 e5 7. Nb3 Be6 8. 0-0 Be7 9. Kh1 0-0 10. f4 exf4 11. Bxf4 Nc6 12. Qd2 Ne5 13. Rad1 Qc7 14. Nd4 Bd7 15. Bg5 b5 16. Bxf6 Bxf6 17. Nd5 Qd8 18. Nxf6+ gxf6 19. Qh6 Rc8 20. Rxf6 Bg4 21. Rxd6 Qe7 22. Bxg4 Nxg4 23. Nf5 Nxh6 24. Nxe7+ Kg7 25. Nxc8 Rxc8 26. c3 Ng4 27. Kg1 Re8 28. R1d4 Nf6 29. Rxa6 Nxe4 30. Rb6 Re5 31. Rxe4 Rxe4 32. Rxb5 Re1+ 33. Kf2 Rh1 34. h3 Ra1 35. a3 Rc1 36. a4 Rc2+ 37. Kf3 Rd2 38. a5 Rd3+ 39. Ke2 Rd7 40. a6 Ra7 41. Ra5 Kf6 42. b4 Ke6 43. b5 Kd6 44. b6 Ra8 45. b7 Rb8 46. a7 Rxb7 47. a8Q Re7+ 48. Kf3 Rc7 49. Rd5+ Ke6 50. Rd3 Ke5 51. Qe4+ Kf6 52. Qf4+ Kg7 53. Qxc7 h5 54. Rd7 h4 55. Rxf7+ Kg6 56. Rg7+ Kh5 57. Qe5+ Kh6 58. Qg5# 1-0

[Event "FIDE Youth Super Final U10 g"]
[Site "Tornelo INT"]
[Date "2021.12.19"]
[Round "4"]
[White "Gunawardhana, Devindya Oshini"]
[Black "Preobrazhenskaya, Diana"]
[Result "0-1"]
[WhiteElo "1371"]
[BlackElo "1789"]
[PlyCount "76"]
[EventDate "2021.12.18"]
[EventType "tourn (rapid)"]
[EventRounds "10"]
[EventCountry "NET"]
[SourceTitle "EXT 2023"]
[Source "ChessBase"]
[SourceDate "2022.10.05"]
[SourceVersion "1"]
[SourceVersionDate "2022.10.05"]
[SourceQuality "1"]

1. e4 c5 2. Nf3 d6 3. d4 Nf6 4. dxc5 Nxe4 5. cxd6 Nc6 6. Bd3 Nxd6 7. 0-0 g6 8. Re1 Bg7 9. c3 0-0 10. Qc2 Bg4 11. Nfd2 Rc8 12. h3 Nb4 13. Qa4 Nxd3 14. Re3 Bf5 15. Na3 e5 16. Qd1 Bh6 17. Re2 e4 18. Nb3 Nxc1 19. Nxc1 Nc4 20. Qxd8 Rfxd8 21. Nxc4 Rd1+ 22. Kh2 Rxc4 23. g3 Rxc1 24. Rxc1 Bxc1 25. Rc2 Bg5 26. Re2 h5 27. h4 Bf6 28. Rd2 Ra4 29. b3 Ra6 30. c4 Re6 31. Re2 Bg4 32. Re1 Bc3 33. Rc1 Bd4 34. Kg2 Bf3+ 35. Kf1 e3 36. fxe3 Rxe3 37. Re1 Bg2+ 38. Kf2 Re4+ 0-1

[Event "Asia-ch U20 Girls"]
[Site "Waskaduwa"]
[Date "2021.12.19"]
[Round "5"]
[White "Mohammadi, Melika"]
[Black "Gunawardhana, Devindya Oshini"]
[Result "1-0"]
[WhiteElo "1807"]
[BlackElo "1371"]
[PlyCount "71"]
[EventDate "2021.12.17"]
[EventType "swiss"]
[EventRounds "9"]
[EventCountry "SRI"]
[SourceTitle "CBM 206 Extra"]
[Source "ChessBase"]
[SourceDate "2022.03.31"]
[SourceVersion "1"]
[SourceVersionDate "2022.03.31"]
[SourceQuality "1"]

1. e4 e5 2. Nf3 Nc6 3. Bb5 a6 4. Ba4 Nf6 5. 0-0 b5 6. Bb3 Bb7 7. d3 Be7 8. c4 0-0 9. Nc3 bxc4 10. Bxc4 d6 11. a3 Rb8 12. b4 Nd4 13. Nxd4 exd4 14. Nd5 Qd7 15. Nxf6+ Bxf6 16. Qf3 Kh8 17. Qg3 Ra8 18. Bb2 a5 19. Rac1 axb4 20. axb4 Ra4 21. b5 d5 22. Bb3 Raa8 23. e5 Bd8 24. Bxd4 Qxb5 25. e6 f6 26. e7 Bxe7 27. Rxc7 Rfe8 28. Bc2 Bf8 29. Bc5 Rac8 30. Bxf8 Rxc7 31. Qxc7 Rxf8 32. Rb1 Qe8 33. Qxb7 Qe2 34. Qc7 h6 35. d4 f5 36. Qc3 1-0

[Event "Eastern Asia-ch U10 Girls"]
[Site "Tornelo INT"]
[Date "2021.10.22"]
[Round "2"]
[White "Advika, Vinai"]
[Black "Gunawardhana, Devindya Oshini"]
[Result "1/2-1/2"]
[WhiteElo "1032"]
[BlackElo "1373"]
[PlyCount "131"]
[EventDate "2021.10.22"]
[EventType "swiss"]
[EventRounds "9"]
[EventCountry "NET"]
[SourceTitle "EXT 2023"]
[Source "ChessBase"]
[SourceDate "2022.10.05"]
[SourceVersion "1"]
[SourceVersionDate "2022.10.05"]
[SourceQuality "1"]

1. e4 e5 2. Nf3 Nc6 3. Bb5 a6 4. Ba4 Nf6 5. 0-0 b5 6. Bb3 Bb7 7. Re1 Bc5 8. c3 d6 9. d4 Bb6 10. Bg5 h6 11. Bh4 g5 12. Bg3 0-0 13. dxe5 dxe5 14. Na3 Qe7 15. Nc2 Rad8 16. Qc1 Nd7 17. Ne3 Bxe3 18. Rxe3 Na5 19. Qc2 Nxb3 20. Qxb3 Kg7 21. c4 c6 22. cxb5 cxb5 23. a4 Bc6 24. axb5 Bxb5 25. Rc1 f6 26. h4 Nc5 27. Qa3 Rc8 28. Rec3 g4 29. Nh2 Rfd8 30. Nxg4 Qe6 31. f3 Nxe4 32. Rxc8 Rxc8 33. Rxc8 Qxc8 34. Qe7+ Kg6 35. fxe4 Qxg4 36. Qf8 Qxe4 37. Qg8+ Kh5 38. Qf7+ Qg6 39. Qxg6+ Kxg6 40. Kf2 Kf5 41. Kf3 Bc6+ 42. Kf2 Ke4 43. Bh2 h5 44. Ke2 Kd4 45. Bg1+ Kc4 46. g3 Kb3 47. Bb6 Kxb2 48. Bd8 f5 49. Bf6 a5 50. Bxe5+ Kb3 51. Ke3 Be4 52. Kf4 Kc4 53. Kg5 Kd5 54. Ba1 Ke6 55. Kxh5 Kf7 56. Kg5 Kg8 57. Kf4 Kh7 58. g4 Kg6 59. h5+ Kh6 60. gxf5 Bxf5 61. Kxf5 Kxh5 62. Ke5 a4 63. Kd4 a3 64. Kc3 a2 65. Kb2 Kg4 66. Kxa2 1/2-1/2

[Event "Eastern Asia-ch U10 Girls"]
[Site "Tornelo INT"]
[Date "2021.10.22"]
[Round "3"]
[White "Gunawardhana, Devindya Oshini"]
[Black "Anaishaa, Pinkesh Nahar"]
[Result "1-0"]
[WhiteElo "1373"]
[BlackElo "1012"]
[PlyCount "55"]
[EventDate "2021.10.22"]
[EventType "swiss"]
[EventRounds "9"]
[EventCountry "NET"]
[SourceTitle "EXT 2023"]
[Source "ChessBase"]
[SourceDate "2022.10.05"]
[SourceVersion "1"]
[SourceVersionDate "2022.10.05"]
[SourceQuality "1"]

1. e4 c5 2. Nf3 g6 3. d4 cxd4 4. Nxd4 Nf6 5. Nc3 d6 6. Be3 Bg7 7. Be2 0-0 8. f3 Bd7 9. Qd2 Nc6 10. 0-0-0 Rc8 11. Kb1 a6 12. g4 b5 13. h4 b4 14. Nd5 Nxd5 15. exd5 Nxd4 16. Bxd4 Bxd4 17. Qxd4 Qc7 18. Bd3 Bb5 19. h5 Bxd3 20. Qxd3 Qc4 21. Qd2 Rc5 22. Qh2 Rfc8 23. Rd2 Kg7 24. hxg6 hxg6 25. g5 f6 26. Qh7+ Kf8 27. Qh8+ Kf7 28. Rh7# 1-0